000 00523nam a2200181Ia 4500
005 20250326142439.0
008 250326s9999 xx 000 0 und d
037 _aTextbook
040 _aFMSL
_beng
_cFMSL
041 _aeng
_2eng
084 _qFMSL
100 _aIndia (govt. Of.............)
245 0 _aExport and import policy 1 April 1997 31 March 2002
_cIndia (govt. Of.............)
260 _aNew Delhi
_bNew Delhi, Govt. of India
_c1997
300 _a77p
942 _cTB
999 _c1295070
_d1295070